Độ đo và Tích phân

Giới thiệu lí thuyết và bài tập về độ đo và tích phân. Một số vấn đề bổ sung về độ đo và tích phân. Hướng dẫn giải các bài tập

Shranjeno v:
Bibliografske podrobnosti
Glavni avtor: Đậu, Thế Cấp
Format: Knjiga
Jezik:Undetermined
Izdano: Hà Nội Giáo dục 2009
Teme:
Oznake: Označite
Brez oznak, prvi označite!
Thư viện lưu trữ: Trung tâm Học liệu Trường Đại học Cần Thơ
LEADER 00869nam a2200229Ia 4500
001 CTU_197225
008 210402s9999 xx 000 0 und d
020 |c 17500 
082 |a 515.43 
082 |b C123 
100 |a Đậu, Thế Cấp 
245 0 |a Độ đo và Tích phân 
245 0 |c Đậu Thế Cấp 
260 |a Hà Nội 
260 |b Giáo dục 
260 |c 2009 
520 |a Giới thiệu lí thuyết và bài tập về độ đo và tích phân. Một số vấn đề bổ sung về độ đo và tích phân. Hướng dẫn giải các bài tập 
526 |a Lý thuyết độ đo và tích phân 
526 |b TNT602 
650 |a Calculus, integral,Phép tính tích phân 
904 |i Hải 
980 |a Trung tâm Học liệu Trường Đại học Cần Thơ